Countries with Gabonese embassies - Statistics

General Stats
  • This quiz has been taken 48 times
  • The average score is 25 of 32
Answer Stats
Continent Country % Correct
North America United States of America
100%
Europe France
97%
North America Canada
94%
Africa D. R. Congo
94%
Africa Republic of the Congo
94%
Africa Egypt
92%
Europe United Kingdom
92%
South America Brazil
89%
Asia China
89%
Europe Italy
89%
Africa Cameroon
86%
Africa Morocco
86%
Africa South Africa
86%
Africa Nigeria
83%
Asia/ Europe Russia
83%
Africa Algeria
81%
Europe Belgium
81%
Europe Germany
81%
Asia India
81%
Africa Angola
78%
Asia Japan
78%
Africa Ethiopia
75%
Africa Equatorial Guinea
72%
Asia South Korea
72%
Europe Spain
72%
Africa Senegal
67%
Africa Togo
67%
Africa Ivory Coast
64%
Asia Iran
61%
Africa Sao Tome and Principe
53%
Asia Saudi Arabia
53%
Africa Seychelles
25%
No matching quizzes found
Score Distribution
Percent of People with Each Score
Percentile by Number Answered
Your Score History
You have not taken this quiz